000 00491nam a2200169Ia 4500
999 _c35209
_d35209
003 OSt
005 20201218142258.0
008 190216s9999||||xx |||||||||||||| ||und||
040 _coclc
082 _a494.8
_bVAR/V
100 _aVarrier, N V Krishna
_93234
245 0 _aVijnana Sabdavali /
_cN V Krishna Varrier
260 _bKerala Basha Institute,
_c1969.
_aTrivandrum:
300 _a657p
650 _aMalayalam
942 _cREF
_2ddc
_h494.8
_iVAR/V
_k494.8
_mVAR/V